000 00432nam a2200181Ia 4500
001 4636
005 20260306145810.0
008 260306t1997||||xx |||||||||||||| ||spa||
041 _aESP
082 _a328
_bS42
100 _aSerafino, Nina Mª
_eAUT
245 0 _aInvestigación y análisis para los parlamentos
260 _c1997
300 _a282 páginas :
_c
650 _aGEN
654 _aCDE
942 _cLIB
_dJUS
_fJUS
_2ddc
_n
999 _c4636
_d4636